<?xml version="1.0" encoding="UTF-8"?>
<record
    xmlns:xsi="http://www.w3.org/2001/XMLSchema-instance"
    xsi:schemaLocation="http://www.loc.gov/MARC21/slim http://www.loc.gov/standards/marcxml/schema/MARC21slim.xsd"
    xmlns="http://www.loc.gov/MARC21/slim">

  <leader>00929nam a2200265 i 4500</leader>
  <controlfield tag="001">991061769066106706</controlfield>
  <controlfield tag="003">ES-BaIT</controlfield>
  <controlfield tag="005">20260512112333.0</controlfield>
  <controlfield tag="008">260512s1996    vm a||||||||||000|0|fre|c</controlfield>
  <datafield tag="040" ind1=" " ind2=" ">
    <subfield code="a">ES-BaIT</subfield>
    <subfield code="b">cat</subfield>
    <subfield code="e">rda</subfield>
    <subfield code="c">ES-BaIT</subfield>
  </datafield>
  <datafield tag="080" ind1=" " ind2=" ">
    <subfield code="a">792.97(597)</subfield>
  </datafield>
  <datafield tag="100" ind1="1" ind2=" ">
    <subfield code="a">Ngu&#x1EF9;&#xEA;n, Huy H&#x300;&#xF4;ng</subfield>
    <subfield code="e">autor</subfield>
    <subfield code="9">169489</subfield>
  </datafield>
  <datafield tag="245" ind1="1" ind2="4">
    <subfield code="a">Les marionnettes sur eau traditionnelles du Vietnam /</subfield>
    <subfield code="c">texte, Ngu&#x1EF9;&#xEA;n Huy H&#x300;&#xF4;ng, Tr&#x300;&#xE2;n Trung Ch&#xED;nh ; photos, &#x110;&#x303;&#xF4; Nh&#x1EE5;&#xE2;n, Kim Ho&#xE0;n, Vu Anh Tu&#xE2;n</subfield>
  </datafield>
  <datafield tag="264" ind1=" " ind2="1">
    <subfield code="a">Hanoi :</subfield>
    <subfield code="b">The Gioi,</subfield>
    <subfield code="c">1992</subfield>
  </datafield>
  <datafield tag="300" ind1=" " ind2=" ">
    <subfield code="a">79 p&#xE0;gines :</subfield>
    <subfield code="b">il&#xB7;lustracions en color ;</subfield>
    <subfield code="c">24 cm</subfield>
  </datafield>
  <datafield tag="336" ind1=" " ind2=" ">
    <subfield code="a">text</subfield>
    <subfield code="b">txt</subfield>
    <subfield code="2">rdacontent</subfield>
  </datafield>
  <datafield tag="336" ind1=" " ind2=" ">
    <subfield code="a">imatge fixa</subfield>
    <subfield code="b">sti</subfield>
    <subfield code="2">rdacontent</subfield>
  </datafield>
  <datafield tag="337" ind1=" " ind2=" ">
    <subfield code="a">sense mediaci&#xF3;</subfield>
    <subfield code="b">n</subfield>
    <subfield code="2">rdamedia</subfield>
  </datafield>
  <datafield tag="338" ind1=" " ind2=" ">
    <subfield code="a">volum</subfield>
    <subfield code="b">nc</subfield>
    <subfield code="2">rdacarrier</subfield>
  </datafield>
  <datafield tag="650" ind1=" " ind2="4">
    <subfield code="a">Titelles d'aigua</subfield>
    <subfield code="z">Vietnam</subfield>
    <subfield code="2"> </subfield>
    <subfield code="9">169490</subfield>
  </datafield>
  <datafield tag="700" ind1="1" ind2=" ">
    <subfield code="a">Tran, Trung Chinh</subfield>
    <subfield code="e">autor</subfield>
    <subfield code="9">169491</subfield>
  </datafield>
  <datafield tag="908" ind1=" " ind2=" ">
    <subfield code="a">CDMAE</subfield>
  </datafield>
  <datafield tag="940" ind1=" " ind2=" ">
    <subfield code="a">CDMAE</subfield>
  </datafield>
  <datafield tag="942" ind1=" " ind2=" ">
    <subfield code="2">udc</subfield>
    <subfield code="c">1</subfield>
  </datafield>
  <datafield tag="952" ind1=" " ind2=" ">
    <subfield code="0">0</subfield>
    <subfield code="1">0</subfield>
    <subfield code="2">udc</subfield>
    <subfield code="4">0</subfield>
    <subfield code="7">1</subfield>
    <subfield code="a">10000</subfield>
    <subfield code="b">10000</subfield>
    <subfield code="c">10073</subfield>
    <subfield code="d">2026-05-12</subfield>
    <subfield code="e">2</subfield>
    <subfield code="l">0</subfield>
    <subfield code="o">D 10-10</subfield>
    <subfield code="p">d1010</subfield>
    <subfield code="r">2026-05-12 11:24:49</subfield>
    <subfield code="w">2026-05-12</subfield>
    <subfield code="y">1</subfield>
  </datafield>
  <datafield tag="999" ind1=" " ind2=" ">
    <subfield code="c">137445</subfield>
    <subfield code="d">137445</subfield>
  </datafield>
</record>
